书目信息 |
| 题名: |
2004年全国土地登记代理人执业资格考试复习题解
|
|
| 作者: | 张明 , 张路平 主编 | |
| 分册: | ||
| 出版信息: | 北京 科学出版社 2004.4 |
|
| 页数: | 258页 | |
| 开本: | 26cm | |
| 丛书名: | ||
| 单 册: | ||
| 中图分类: | F321.1-44 | |
| 科图分类: | ||
| 主题词: | 土地登记--代理--经济--资格--考核--解题--中国 | |
| 电子资源: | ||
| ISBN: | 7-03-013253-X | |
| 000 | 00727nam0 2200217 45 | |
| 001 | 012004000000 | |
| 005 | 20041103172617.91 | |
| 010 | @a7-03-013253-X@dCNY 32.00 | |
| 100 | @a20040919d2004 em y0chiy0121 ea | |
| 101 | 0 | @achi |
| 102 | @aCN@b110000 | |
| 105 | @ay q 000yy | |
| 200 | 1 | @a2004年全国土地登记代理人执业资格考试复习题解@A2004 nian quan guo tu di deng ji dai li ren zhi ye zi ge kao shi fu xi ti jie@f张明, 张路平主编 |
| 210 | @a北京@c科学出版社@d2004.4 | |
| 215 | @a258页@d26cm | |
| 606 | 0 | @a土地登记@x代理@x经济@x资格@x考核@j解题@y中国 |
| 690 | @aF321.1-44@v4 | |
| 701 | 0 | @a张明@Azhang ming@4主编 |
| 701 | 0 | @a张路平@Azhang lu ping@4主编 |
| 801 | 0 | @aCN@bQSSKJ@c20041103 |
| 905 | @a10447@dF321.1-44@eZ142 | |
| 2004年全国土地登记代理人执业资格考试复习题解/张明, 张路平主编.-北京:科学出版社,2004.4 |
| 258页;26cm |
| ISBN 7-03-013253-X:CNY 32.00 |
| ● |
| 相关链接 |
|
|
|
正题名:2004年全国土地登记代理人执业资格考试复习
索取号:F321.1-44/Z142
 
预约/预借
| 序号 | 登录号 | 条形码 | 馆藏地/架位号 | 状态 | 备注 |
| 1 | 425012 | 204250121 | 管理学院资料室/ [索取号:F321.1-44/Z142] | 在馆 | |
| 2 | 425013 | 204250130 | 社科库409/409社科库 33排2列4层/ [索取号:F321.1-44/Z142] | 在馆 |